Mississippi School Districts 2021 - Statistics

General Stats
  • This quiz has been taken 5 times
    4 since last reset
  • The average score is 5 of 148
Answer Stats
School District % Correct
Hinds County
67%
Madison County
67%
Amite County
33%
Brookhaven
33%
Clinton Public
33%
Jackson County
33%
Lincoln County
33%
Long Beach
33%
Oxford
33%
Prentiss County
33%
Rankin County
33%
Yazoo County
33%
Aberdeen
0%
Alcorn
0%
Amory
0%
Attala County
0%
Baldwyn
0%
Bay St. Louis-Waveland
0%
Benton County
0%
Biloxi Public
0%
Bogue Chitto Elementary
0%
Booneville
0%
Calhoun County
0%
Canton Public
0%
Carroll County
0%
Chickasaw County
0%
Choctaw Central High
0%
Choctaw Central Middle
0%
Choctaw County
0%
Claiborne County
0%
Clarksdale Municipal
0%
Cleveland
0%
Coahoma County
0%
Coahoma Early College High
0%
Coffeeville
0%
Columbia
0%
Columbus Municipal
0%
Conehatta Elementary
0%
Copiah County
0%
Corinth
0%
Covington County
0%
DeSoto County
0%
East Jasper
0%
East Tallahatchie
0%
Enterprise
0%
Forest Municipal
0%
Forrest County
0%
Forrest County Agricultural High
0%
Franklin County
0%
George County
0%
Greene County
0%
Greenville Public
0%
Greenwood-Leflore Consolidated
0%
Grenada
0%
Gulfport
0%
Hancock County
0%
Harrison County
0%
Hattiesburg Public
0%
Hazlehurst City
0%
Hollandale
0%
Holly Springs
0%
Holmes County Consolidated
0%
Houston
0%
Humphreys County
0%
Itawamba County
0%
Jackson Public
0%
Jefferson County
0%
Jefferson Davis County
0%
Jones County
0%
Kemper County
0%
Kosciusko
0%
Lafayette County
0%
Lamar County
0%
Lauderdale County
0%
Laurel
0%
Lawrence County
0%
Leake County
0%
Lee County
0%
Leland
0%
Louisville Municipal
0%
Lowndes County
0%
Marion County
0%
Marshall County
0%
McComb
0%
Meridian Public
0%
Monroe County
0%
Moss Point
0%
Natchez-Adams
0%
Neshoba County
0%
Nettleton
0%
New Albany
0%
Newton County
0%
Newton Municipal
0%
North Bolivar
0%
North Panola
0%
North Pike
0%
North Tippah
0%
Noxubee County
0%
Ocean Springs
0%
Okolona Municipal Separate
0%
Pascagoula-Gautier
0%
Pass Christian
0%
Pearl Public
0%
Pearl River County
0%
Pearl River Elementary
0%
Perry County
0%
Petal
0%
Philadelphia Public
0%
Picayune
0%
Pontotoc City
0%
Pontotoc County
0%
Poplarville
0%
Quitman
0%
Quitman County
0%
Red Water Elementary
0%
Richton
0%
Scott County
0%
Senatobia Municipal
0%
Simpson County
0%
Smith County
0%
South Delta
0%
South Panola
0%
South Pike
0%
South Tippah
0%
Standing Pine Elementary
0%
Starkville-Oktibbeha
0%
Stone County
0%
Sunflower County
0%
Tate County
0%
Tishomingo County
0%
Tucker Elementary
0%
Tunica County
0%
Tupelo Public
0%
Union County
0%
Union Public
0%
Vicksburg-Warren
0%
Walthall County
0%
Water Valley
0%
Wayne County
0%
Webster County
0%
West Bolivar
0%
Western Line
0%
West Jasper
0%
West Point
0%
West Tallahatchie
0%
Wilkinson County
0%
Winona-Montgomery Consolidated
0%
Yazoo City Municipal
0%
No matching quizzes found
Score Distribution
Percent of People with Each Score
Percentile by Number Answered
Your Score History
You have not taken this quiz since the last reset